बाल मन की जिज्ञासा / (Record no. 120927)

MARC details
000 -LEADER
fixed length control field 01053nam a22002537a 4500
005 - DATE AND TIME OF LATEST TRANSACTION
control field 20170124103205.0
010 ## - LIBRARY OF CONGRESS CONTROL NUMBER
LC control number B-179226
020 ## - INTERNATIONAL STANDARD BOOK NUMBER
Terms of availability 200.00
International Standard Book Number 8188067008
035 ## - SYSTEM CONTROL NUMBER
System control number B-179226
037 ## - SOURCE OF ACQUISITION
Source of stock number/acquisition Cen Lib/Ret
040 ## - CATALOGING SOURCE
Original cataloging agency DPL
Language of cataloging HN
082 ## - DEWEY DECIMAL CLASSIFICATION NUMBER
Classification number 155.4
Item number वारेर
100 ## - MAIN ENTRY--PERSONAL NAME
Personal name वारेरकर, चित्रा
9 (RLIN) 93425
245 ## - TITLE STATEMENT
Title बाल मन की जिज्ञासा /
Statement of responsibility, etc चित्रा वारेरकर
246 ## - VARYING FORM OF TITLE
Title proper/short title Baal man ki jigyasa /
Remainder of title by Chitra Varerkar
260 ## - PUBLICATION, DISTRIBUTION, ETC. (IMPRINT)
Place of publication, distribution, etc दिल्ली
Name of publisher, distributor, etc आरोग्य निधि प्रकाशन
Date of publication, distribution, etc 2006
270 ## - ADDRESS
City दिल्ली
Postal code 110053
Address ब्लाक-सी-8 हाउस न.174 यमुना विहार
300 ## - PHYSICAL DESCRIPTION
Extent 208पृ.
Dimensions 20सेमी(अजिल्द )
650 ## - SUBJECT ADDED ENTRY--TOPICAL TERM
Topical term or geographic name as entry element बाल विकास
General subdivision
Geographic subdivision
9 (RLIN) 93426
650 ## - SUBJECT ADDED ENTRY--TOPICAL TERM
Topical term or geographic name as entry element सामाजिक विकास
9 (RLIN) 93427
650 ## - SUBJECT ADDED ENTRY--TOPICAL TERM
Topical term or geographic name as entry element child development
9 (RLIN) 895
650 ## - SUBJECT ADDED ENTRY--TOPICAL TERM
Topical term or geographic name as entry element social development
9 (RLIN) 1695
942 ## - ADDED ENTRY ELEMENTS (KOHA)
Source of classification or shelving scheme Dewey Decimal Classification
Koha item type Hindi Books
Classification part 155.4
Call number suffix वारेर
Holdings
Withdrawn status Lost status Damaged status Not for loan Home library Current library Date acquired Source of acquisition Cost, normal purchase price Total Checkouts Full call number Barcode Date last seen Date checked out Copy number Cost, replacement price Price effective from Koha item type
        Central Library Central Library 29/09/2015 Cen Lib/Ref 200.00 1 155.4 वारेर B-179226 19/12/2018 15/12/2018 1 200.00 29/09/2015 Hindi Books

© Delhi Public Library
Hit Counter
free hit counter